| 000 | 00659 a2200181 4500 | ||
|---|---|---|---|
| 999 |
_c5245 _d5245 |
||
| 020 | _a9780521786041 | ||
| 050 | _aQA276.12 DOB 2000 | ||
| 100 |
_aDobbs, Steve _eauthor |
||
| 245 |
_aStatistics 2 / _cSteve Dobbs and Jane Miller. |
||
| 264 |
_aCambridge : _bCambridge University Press, _c 2003. |
||
| 300 | _a178 pages : illustrations ; 25 cm. | ||
| 440 | _aAdvanced level mathematics.; Cambridge international examinations. | ||
| 500 | _alncludes index | ||
| 650 | _aMathematical statistics -- Problems, exercises, etc. | ||
| 650 | _aMathematical statistics -- Examinations -- Study guides. | ||
| 700 | _aJane Miller. | ||
| 942 |
_2lcc _cBK _h276.12 _iDOB _kQA |
||